[Event "Quebec-ch Elite POM"]
[Site "Montreal CAN"]
[Date "2010.10.09"]
[Round "3"]
[White "Lawson, Eric"]
[Black "Kovalyov, Anton"]
[Result "1/2-1/2"]
[WhiteElo "2379"]
[BlackElo "2586"]
[PlyCount "88"]
[GameId "2160767909863738"]
[EventDate "2010.10.08"]
[EventType "swiss"]
[EventRounds "7"]
[EventCountry "CAN"]
[SourceTitle "EXT 2013"]
[Source "ChessBase"]
[SourceDate "2012.11.22"]
[SourceVersion "1"]
[SourceVersionDate "2012.11.22"]
[SourceQuality "1"]

1. d4 Nf6 2. Bg5 e6 3. e4 h6 4. Bxf6 Qxf6 5. Nc3 Bb4 6. Qd2 d6 7. a3 Ba5 8. f4 Nc6 9. Nf3 Bd7 10. e5 Qe7 11. O-O-O dxe5 12. fxe5 O-O-O 13. Qe3 f6 14. b4 Bb6 15. Na4 Bxd4 16. Nxd4 Nxd4 17. Nb2 c5 18. bxc5 Nf5 19. Qc3 fxe5 20. Qxe5 Qg5+ 21. Kb1 Ne3 22. Qxg5 hxg5 23. Rd3 Nxf1 24. Rxf1 Bb5 25. Rxd8+ Rxd8 26. Re1 Rh8 27. Rxe6 Rxh2 28. g3 Rg2 29. Re3 g4 30. Nd3 Bc6 31. Ne5 Bf3 32. Kb2 Rxg3 33. Nxg4 Rxg4 34. Rxf3 Kc7 35. Rf7+ Kc6 36. Kb3 Rg2 37. Re7 g5 38. Rg7 g4 39. c3 g3 40. Kc4 Rg1 41. Rg6+ Kd7 42. Rg7+ Kc6 43. Rg6+ Kd7 44. Rg7+ Kc6 1/2-1/2

[Event "Quebec-ch Elite POM"]
[Site "Montreal CAN"]
[Date "2010.10.10"]
[Round "4"]
[White "Kovalyov, Anton"]
[Black "Arsenault, Nicolas"]
[Result "1-0"]
[WhiteElo "2586"]
[BlackElo "2225"]
[PlyCount "37"]
[GameId "2160767909863754"]
[EventDate "2010.10.08"]
[EventType "swiss"]
[EventRounds "7"]
[EventCountry "CAN"]
[SourceTitle "EXT 2013"]
[Source "ChessBase"]
[SourceDate "2012.11.22"]
[SourceVersion "1"]
[SourceVersionDate "2012.11.22"]
[SourceQuality "1"]

1. Nf3 Nf6 2. c4 e6 3. g3 a6 4. Bg2 b5 5. b3 c5 6. Nc3 Qb6 7. e4 Nc6 8. e5 Ng4 9. O-O Bb7 10. Re1 Be7 11. h3 Nh6 12. d4 cxd4 13. Ne4 Nf5 14. g4 Nh4 15. Nxh4 Bxh4 16. c5 Qc7 17. Nd6+ Ke7 18. g5 h6 19. Qh5 1-0

[Event "Quebec-ch Elite POM"]
[Site "Montreal CAN"]
[Date "2010.10.10"]
[Round "5"]
[White "Bolduc, Steve"]
[Black "Kovalyov, Anton"]
[Result "0-1"]
[WhiteElo "2281"]
[BlackElo "2586"]
[PlyCount "74"]
[GameId "2160767909863764"]
[EventDate "2010.10.08"]
[EventType "swiss"]
[EventRounds "7"]
[EventCountry "CAN"]
[SourceTitle "EXT 2013"]
[Source "ChessBase"]
[SourceDate "2012.11.22"]
[SourceVersion "1"]
[SourceVersionDate "2012.11.22"]
[SourceQuality "1"]

1. d4 Nf6 2. Nf3 e6 3. Bf4 b6 4. e3 Bb7 5. Bd3 c5 6. Nbd2 cxd4 7. exd4 d6 8. c3 Be7 9. Qe2 Nbd7 10. h4 h6 11. O-O-O Qc7 12. Ne4 Nxe4 13. Bxe4 Bxe4 14. Qxe4 Rc8 15. Kb1 Nf6 16. Qe2 Qc6 17. Rhe1 Qd5 18. g4 h5 19. Ne5 dxe5 20. dxe5 Qc4 21. exf6 Qxe2 22. Rxe2 gxf6 23. g5 Rc4 24. Rd4 Rxd4 25. cxd4 fxg5 26. Bxg5 Bxg5 27. hxg5 h4 28. f3 h3 29. Rh2 Kf8 30. d5 Ke7 31. f4 exd5 32. f5 Rh5 33. Kc2 Kd6 34. g6 fxg6 35. fxg6 Ke6 36. Rf2 Rg5 37. Rf7 Rxg6 0-1

[Event "Quebec-ch Elite POM"]
[Site "Montreal CAN"]
[Date "2010.10.11"]
[Round "6"]
[White "Castellanos Rodriguez, Renier"]
[Black "Kovalyov, Anton"]
[Result "1/2-1/2"]
[WhiteElo "2430"]
[BlackElo "2586"]
[PlyCount "57"]
[GameId "2160767909863780"]
[EventDate "2010.10.08"]
[EventType "swiss"]
[EventRounds "7"]
[EventCountry "CAN"]
[SourceTitle "EXT 2013"]
[Source "ChessBase"]
[SourceDate "2012.11.22"]
[SourceVersion "1"]
[SourceVersionDate "2012.11.22"]
[SourceQuality "1"]

1. e4 c5 2. Nf3 d6 3. d4 cxd4 4. Nxd4 Nf6 5. Nc3 a6 6. Bg5 Nbd7 7. f4 Qc7 8. Qf3 h6 9. Bxf6 Nxf6 10. f5 Qc5 11. O-O-O g5 12. fxg6 Bg4 13. gxf7+ Kxf7 14. Qd3 Bxd1 15. Nxd1 Bg7 16. Qb3+ d5 17. Nf5 Nxe4 18. Bd3 Nf6 19. Rf1 b5 20. Nh4 Ke8 21. Ng6 Kd7 22. Bf5+ e6 23. Bxe6+ Kxe6 24. Qh3+ Kf7 25. Ne5+ Kg8 26. Qe6+ Kh7 27. Qf5+ Kg8 28. Qe6+ Kh7 29. Qf5+ 1/2-1/2

[Event "Quebec-ch Elite POM"]
[Site "Montreal CAN"]
[Date "2010.10.11"]
[Round "7"]
[White "Kovalyov, Anton"]
[Black "Enkh-Amar, Galbadrakh"]
[Result "1-0"]
[WhiteElo "2586"]
[BlackElo "2195"]
[PlyCount "111"]
[GameId "2160767909863800"]
[EventDate "2010.10.08"]
[EventType "swiss"]
[EventRounds "7"]
[EventCountry "CAN"]
[SourceTitle "EXT 2013"]
[Source "ChessBase"]
[SourceDate "2012.11.22"]
[SourceVersion "1"]
[SourceVersionDate "2012.11.22"]
[SourceQuality "1"]

1. Nf3 Nf6 2. c4 e6 3. g3 b6 4. Bg2 Bb7 5. Nc3 Be7 6. O-O O-O 7. Re1 d5 8. cxd5 exd5 9. d4 Nbd7 10. Bf4 c6 11. Rc1 Re8 12. Qb3 Nh5 13. Bd2 Nhf6 14. Red1 Bd6 15. Nh4 Nf8 16. Nf5 Ne6 17. Nxd6 Qxd6 18. Be1 Re7 19. Qc2 Ng5 20. Bd2 Nge4 21. Bf4 Qd7 22. Nxe4 Nxe4 23. f3 Nd6 24. e4 f6 25. Qb3 Kh8 26. Qb4 Nc4 27. b3 a5 28. Qc3 Nd6 29. e5 fxe5 30. Bxe5 Rae8 31. f4 Nf7 32. b4 Ra8 33. a3 Nd6 34. Bf1 Ne4 35. Qb2 axb4 36. axb4 b5 37. Ra1 Ree8 38. Ra5 Nd6 39. Rxa8 Rxa8 40. Ra1 Rxa1 41. Qxa1 Nc4 42. Qa7 Bc8 43. Qc5 Kg8 44. Bd3 g6 45. Be2 Kf7 46. g4 h6 47. h3 Kg8 48. Bd3 Nxe5 49. dxe5 h5 50. Bxg6 hxg4 51. f5 gxh3 52. e6 Qc7 53. Bf7+ Kh7 54. Qe3 h2+ 55. Kh1 d4 56. Qg5 1-0

[Event "Quebec op"]
[Site "Montreal CAN"]
[Date "2010.07.24"]
[Round "1"]
[White "Kovalyov, Anton"]
[Black "Guichard, Pauline"]
[Result "1/2-1/2"]
[WhiteElo "2599"]
[BlackElo "2320"]
[PlyCount "117"]
[GameId "2160767909914938"]
[EventDate "2010.07.24"]
[EventType "swiss"]
[EventRounds "9"]
[EventCountry "CAN"]
[SourceTitle "CBM 137 Extra"]
[Source "ChessBase"]
[SourceDate "2010.09.01"]
[SourceVersion "1"]
[SourceVersionDate "2010.09.01"]
[SourceQuality "1"]

1. c4 e5 2. g3 Nf6 3. Bg2 c6 4. d4 exd4 5. Qxd4 d5 6. Nc3 Be6 7. cxd5 cxd5 8. Nf3 Nc6 9. Qa4 Bb4 10. O-O O-O 11. Be3 Bxc3 12. bxc3 Ne4 13. Rac1 Qa5 14. Qxa5 Nxa5 15. Nd4 Nd6 16. Bf4 Nac4 17. Rfd1 Rfd8 18. Rb1 h6 19. h4 Rac8 20. Kf1 b6 21. f3 Nb7 22. Kf2 Nc5 23. Rdc1 a6 24. h5 b5 25. g4 Na3 26. Rb4 Na4 27. Bd2 Nc4 28. Ke1 Bd7 29. Bf4 Re8 30. Kf2 Na5 31. Bd2 Nc4 32. Be1 Ne3 33. Rbb1 Nc4 34. Bh3 Re7 35. Bf1 Rce8 36. Ra1 Re3 37. Nc2 R3e7 38. Rd1 Nab6 39. Nd4 Ne3 40. Rd3 Nbc4 41. a3 Nb2 42. Rd2 Nbc4 43. Rda2 Re5 44. Kg1 g6 45. hxg6 fxg6 46. Bg3 R5e7 47. Bh4 g5 48. Bf2 h5 49. gxh5 Rh7 50. Nc2 Rxh5 51. Nxe3 Nxe3 52. Rd2 g4 53. Bxe3 Rxe3 54. fxg4 Bxg4 55. Rd3 Ree5 56. Rg3 Rhg5 57. Kf2 Kf7 58. a4 Bd7 59. Rxg5 1/2-1/2

[Event "Quebec op"]
[Site "Montreal CAN"]
[Date "2010.07.25"]
[Round "2"]
[White "Kovalyov, Anton"]
[Black "Barbeau, Sylvain"]
[Result "1-0"]
[WhiteElo "2599"]
[BlackElo "2337"]
[PlyCount "59"]
[GameId "2160767909914954"]
[EventDate "2010.07.24"]
[EventType "swiss"]
[EventRounds "9"]
[EventCountry "CAN"]
[SourceTitle "CBM 137 Extra"]
[Source "ChessBase"]
[SourceDate "2010.09.01"]
[SourceVersion "1"]
[SourceVersionDate "2010.09.01"]
[SourceQuality "1"]

1. Nf3 Nf6 2. c4 c5 3. Nc3 d5 4. cxd5 Nxd5 5. g3 g6 6. Qa4+ Nc6 7. Ne5 Nxc3 8. bxc3 Qd5 9. Nf3 Bd7 10. Bg2 Bg7 11. O-O Qd6 12. Ng5 b6 13. d3 h6 14. Ne4 Qe6 15. Bb2 O-O 16. Rfe1 Rac8 17. Qc2 Rfd8 18. a4 Qf5 19. h3 Qh5 20. Kh2 Ne5 21. c4 g5 22. Rh1 Bc6 23. Kg1 f5 24. Nc3 Bxg2 25. Kxg2 f4 26. Nd5 Qf7 27. gxf4 gxf4 28. Rag1 Rc6 29. Kf1 Rg6 30. Bxe5 1-0

[Event "Quebec op"]
[Site "Montreal CAN"]
[Date "2010.07.25"]
[Round "3"]
[White "Modwal, Sankalp"]
[Black "Kovalyov, Anton"]
[Result "0-1"]
[WhiteElo "2177"]
[BlackElo "2599"]
[PlyCount "74"]
[GameId "2160767909914967"]
[EventDate "2010.07.24"]
[EventType "swiss"]
[EventRounds "9"]
[EventCountry "CAN"]

1. e4 c5 2. Nf3 d6 3. d4 cxd4 4. Nxd4 Nf6 5. Nc3 a6 6. Rg1 e5 7. Nb3 b5 8. g4 Bb7 9. Bg2 h6 10. a3 Nbd7 11. h4 Nh7 12. Nd5 Rc8 13. Be3 Bxd5 14. exd5 Be7 15. Be4 Bxh4 16. Bxh7 Rxh7 17. Qd3 g6 18. a4 Kf8 19. axb5 axb5 20. c3 Kg7 21. Ra7 Nb6 22. Qxb5 Nc4 23. Ke2 Nxe3 24. fxe3 Rb8 25. Rb7 Rh8 26. Na5 Rxb7 27. Nxb7 Qe7 28. Qc6 Rb8 29. Nxd6 Rxb2+ 30. Kd3 Qa7 31. Rf1 Rf2 32. Rxf2 Bxf2 33. Nc4 Qa1 34. Nd2 Qd1 35. d6 Be1 36. Qg2 Bxd2 37. Qd5 Bxc3+ 0-1

[Event "Quebec op"]
[Site "Montreal CAN"]
[Date "2010.07.27"]
[Round "5"]
[White "Kovalyov, Anton"]
[Black "Cornette, Matthieu"]
[Result "1/2-1/2"]
[WhiteElo "2599"]
[BlackElo "2543"]
[PlyCount "37"]
[GameId "2160767909914988"]
[EventDate "2010.07.24"]
[EventType "swiss"]
[EventRounds "9"]
[EventCountry "CAN"]
[SourceTitle "CBM 137 Extra"]
[Source "ChessBase"]
[SourceDate "2010.09.01"]
[SourceVersion "1"]
[SourceVersionDate "2010.09.01"]
[SourceQuality "1"]

1. Nf3 Nf6 2. c4 g6 3. d4 Bg7 4. Nc3 d5 5. e3 O-O 6. Qb3 dxc4 7. Bxc4 c5 8. d5 a6 9. a4 Nbd7 10. e4 Qa5 11. Bd2 b5 12. Nxb5 Qb6 13. Nc3 Qxb3 14. Bxb3 Rb8 15. Bc2 Rxb2 16. Ra2 Rxa2 17. Nxa2 Nb6 18. Be3 Bd7 19. a5 1/2-1/2

[Event "Quebec op"]
[Site "Montreal CAN"]
[Date "2010.07.30"]
[Round "8"]
[White "Malaniuk, Vladimir P"]
[Black "Kovalyov, Anton"]
[Result "1/2-1/2"]
[WhiteElo "2543"]
[BlackElo "2599"]
[PlyCount "63"]
[GameId "2160767909915033"]
[EventDate "2010.07.24"]
[EventType "swiss"]
[EventRounds "9"]
[EventCountry "CAN"]
[SourceTitle "CBM 137 Extra"]
[Source "ChessBase"]
[SourceDate "2010.09.01"]
[SourceVersion "1"]
[SourceVersionDate "2010.09.01"]
[SourceQuality "1"]

1. d4 Nf6 2. c4 e6 3. Nc3 Bb4 4. e3 b6 5. Bd3 Bb7 6. Nf3 c5 7. O-O O-O 8. Na4 cxd4 9. a3 Be7 10. exd4 d6 11. b4 Nbd7 12. Re1 Re8 13. Bb2 Bf8 14. Nc3 g6 15. Bf1 Bg7 16. Rc1 a6 17. Nd2 Nh5 18. Nb3 Qg5 19. Rc2 Rec8 20. Ne4 Bxe4 21. Rxe4 d5 22. cxd5 Rxc2 23. Qxc2 Qxd5 24. Re3 Qb7 25. Rc3 Ra7 26. Rc8+ Bf8 27. g3 Nhf6 28. Nd2 Nd5 29. Ne4 Kg7 30. Qc6 Qxc6 31. Rxc6 Kg8 32. Rc8 1/2-1/2

[Event "Quebec op"]
[Site "Montreal CAN"]
[Date "2010.07.31"]
[Round "9"]
[White "Kovalyov, Anton"]
[Black "Jiang, Louie"]
[Result "1/2-1/2"]
[WhiteElo "2599"]
[BlackElo "2312"]
[PlyCount "57"]
[GameId "2160767909915046"]
[EventDate "2010.07.24"]
[EventType "swiss"]
[EventRounds "9"]
[EventCountry "CAN"]
[SourceTitle "hb 2010.09"]

1. d4 Nf6 2. c4 e6 3. Nc3 d5 4. cxd5 exd5 5. Bg5 c6 6. e3 Be7 7. Qc2 Nbd7 8. Bd3 O-O 9. Nf3 Re8 10. h3 Nf8 11. Bf4 Ne6 12. Be5 g6 13. O-O-O Bd7 14. Kb1 Rc8 15. g4 b5 16. Rc1 Qa5 17. Nd2 a6 18. f4 c5 19. Bxf6 Bxf6 20. Nxd5 Bg7 21. Nb3 Qd8 22. dxc5 Bc6 23. Nb6 Nxc5 24. Nxc8 Nxb3 25. Qxc6 Nxc1 26. Bc2 Nxa2 27. Nd6 Re6 28. Nb7 Qf8 29. Qc5 1/2-1/2

[Event "Mauricie op"]
[Site "Trois-Rivieres CAN"]
[Date "2010.03.21"]
[Round "4"]
[White "Kovalyov, Anton"]
[Black "Bolduc, Steve"]
[Result "1-0"]
[WhiteElo "2585"]
[BlackElo "2308"]
[PlyCount "101"]
[GameId "2160767910020065"]
[EventDate "2010.03.19"]
[EventType "swiss"]
[EventRounds "5"]
[EventCountry "CAN"]
[SourceTitle "hb 2010.06"]

1. Nf3 d5 2. d4 e6 3. c4 c5 4. cxd5 exd5 5. g3 Nc6 6. Bg2 Nf6 7. O-O Be7 8. Nc3 O-O 9. dxc5 Bxc5 10. Na4 Be7 11. Be3 Re8 12. Rc1 Bg4 13. Nd4 Qd7 14. Nxc6 bxc6 15. Qc2 Bf5 16. Nc5 Bxc5 17. Qxc5 Re6 18. Rfd1 h5 19. f3 Qe8 20. Kf2 Nd7 21. Qc3 Qe7 22. Bf1 Re8 23. Bxa7 c5 24. Bxc5 Rxe2+ 25. Kg1 Nxc5 26. Bxe2 Na4 27. Qd4 Qxe2 28. Re1 Qb5 29. Rxe8+ Qxe8 30. b3 Nb2 31. Qxb2 Qe3+ 32. Kg2 h4 33. Rf1 h3+ 34. Kh1 d4 35. Qf2 Qc3 36. g4 Bd7 37. Kg1 Bc6 38. Rd1 d3 39. Qe3 Qc2 40. Rd2 Qc1+ 41. Kf2 Bb5 42. a4 Qc7 43. f4 Ba6 44. Kg3 Qc3 45. Kh4 Qxb3 46. Qe8+ Kh7 47. Qe4+ g6 48. f5 Qc3 49. fxg6+ fxg6 50. Qe7+ Kg8 51. Rf2 1-0

[Event "Quebec-ch U20"]
[Site "Montreal CAN"]
[Date "2010.03.13"]
[Round "2"]
[White "Kovalyov, Anton"]
[Black "Zhu, Hong Rui"]
[Result "1-0"]
[WhiteElo "2577"]
[BlackElo "1767"]
[PlyCount "143"]
[GameId "2160767910020116"]
[EventDate "2010.03.12"]
[EventType "swiss"]
[EventRounds "5"]
[EventCountry "CAN"]
[SourceTitle "EXT 2013"]
[Source "ChessBase"]
[SourceDate "2012.11.22"]
[SourceVersion "1"]
[SourceVersionDate "2012.11.22"]
[SourceQuality "1"]

1. d4 d5 2. c4 e6 3. Nc3 Be7 4. cxd5 exd5 5. Bf4 c6 6. e3 Nf6 7. Bd3 O-O 8. Qc2 Nbd7 9. Nf3 Re8 10. h3 Nf8 11. Rb1 Ne6 12. Be5 g6 13. O-O Bd6 14. b4 a6 15. a4 Ng7 16. Rfc1 Bf5 17. Bxf5 Nxf5 18. g4 Ng7 19. Bxd6 Qxd6 20. Ne5 Nd7 21. f4 f6 22. Nxd7 Qxd7 23. Re1 Re7 24. Qf2 f5 25. g5 Ne8 26. Na2 Nd6 27. Nc1 Ne4 28. Qg2 Nc3 29. Ra1 Rae8 30. Qf3 Re6 31. Nd3 Qe7 32. Ne5 Qxb4 33. a5 R8e7 34. h4 Ne4 35. h5 Rg7 36. Re2 Qc3 37. Rd1 Qxa5 38. Rh2 Qc7 39. Kg2 c5 40. hxg6 cxd4 41. gxh7+ Rxh7 42. Rxh7 Qxh7 43. Rc1 Rxe5 44. fxe5 Qh4 45. Rc8+ Kg7 46. Qxf5 Qxg5+ 47. Qxg5+ Nxg5 48. exd4 Ne6 49. Kf3 Nxd4+ 50. Kg4 Kf7 51. Kf4 Ne6+ 52. Kf3 Nd4+ 53. Ke3 Nc6 54. Kf4 Ke6 55. Rh8 a5 56. Rh6+ Ke7 57. Rh7+ Ke6 58. Rxb7 Nd4 59. Rb6+ Ke7 60. Ke3 Nf5+ 61. Kd3 a4 62. Rf6 Ng3 63. Kd4 Ne2+ 64. Kxd5 a3 65. Ra6 a2 66. Ra7+ Ke8 67. Kc4 Nc1 68. Kc3 Kd8 69. Kc2 Ne2 70. Rxa2 Nd4+ 71. Kd3 Nb5 72. Kc4 1-0

[Event "Quebec-ch U20"]
[Site "Montreal CAN"]
[Date "2010.03.13"]
[Round "3"]
[White "Modwal, Sankalp"]
[Black "Kovalyov, Anton"]
[Result "0-1"]
[WhiteElo "2233"]
[BlackElo "2577"]
[PlyCount "56"]
[GameId "2160767910020139"]
[EventDate "2010.03.12"]
[EventType "swiss"]
[EventRounds "5"]
[EventCountry "CAN"]

1. e4 c5 2. Nf3 e6 3. d4 cxd4 4. Nxd4 Nc6 5. Nc3 a6 6. Bf4 d6 7. Nxc6 bxc6 8. Bc4 e5 9. Be3 Nf6 10. O-O Be7 11. f3 O-O 12. Qd3 Bb7 13. Rad1 Qc7 14. Kh1 Rfd8 15. Bg5 h6 16. Bxf6 Bxf6 17. Bb3 a5 18. f4 Ba6 19. Bc4 Bxc4 20. Qxc4 Qb7 21. f5 Qxb2 22. Rb1 Qxc2 23. Rb7 d5 24. exd5 cxd5 25. Qc7 Kh8 26. Qxf7 Qxc3 27. h3 Qc4 28. Rf3 Qh4 0-1

[Event "Quebec-ch U20"]
[Site "Montreal CAN"]
[Date "2010.03.14"]
[Round "4"]
[White "Kovalyov, Anton"]
[Black "Jiang, Louie"]
[Result "1-0"]
[WhiteElo "2577"]
[BlackElo "2321"]
[PlyCount "91"]
[GameId "2160767910020154"]
[EventDate "2010.03.12"]
[EventType "swiss"]
[EventRounds "5"]
[EventCountry "CAN"]
[SourceTitle "EXT 2013"]
[Source "ChessBase"]
[SourceDate "2012.11.22"]
[SourceVersion "1"]
[SourceVersionDate "2012.11.22"]
[SourceQuality "1"]

1. d4 d5 2. c4 e6 3. Nc3 Nf6 4. cxd5 exd5 5. Bg5 c6 6. e3 Be7 7. Qc2 O-O 8. Bd3 Nbd7 9. Nf3 Re8 10. h3 Nf8 11. O-O Be6 12. Rab1 a5 13. a3 N6d7 14. Bf4 Rc8 15. Rfe1 g6 16. Qd1 b5 17. a4 bxa4 18. Ba6 Ra8 19. Bb7 Ra7 20. Bxc6 Bb4 21. Bxa4 Qb6 22. Qb3 Rc8 23. Rec1 Qd8 24. Nb5 Rb7 25. Nd6 Rxc1+ 26. Rxc1 Rb6 27. Nb5 Rb7 28. Nc3 Qc8 29. Qd1 Bxc3 30. Rxc3 Qd8 31. Qc1 Nb6 32. Bc6 Ra7 33. b3 Nfd7 34. Ng5 Qe7 35. Nxe6 fxe6 36. e4 dxe4 37. Bxe4 Nf6 38. Bc6 Nfd5 39. Bxd5 exd5 40. Be5 a4 41. Rc6 a3 42. Rxb6 a2 43. Rb8+ Kf7 44. Qf4+ Ke6 45. Qg4+ Kf7 46. Qf3+ 1-0

[Event "Pere Noel"]
[Site "Montreal CAN"]
[Date "2009.12.26"]
[Round "1"]
[White "Zhang, Zhiyuan"]
[Black "Kovalyov, Anton"]
[Result "0-1"]
[WhiteElo "1884"]
[BlackElo "2591"]
[PlyCount "82"]
[GameId "2160767910029872"]
[EventDate "2009.12.26"]
[EventType "swiss"]
[EventRounds "5"]
[EventCountry "CAN"]
[SourceTitle "hb 2010.01"]

1. e4 c5 2. c3 Nf6 3. e5 Nd5 4. d4 cxd4 5. cxd4 e6 6. a3 d6 7. Nf3 Be7 8. Bd3 dxe5 9. Nxe5 Nd7 10. O-O Nxe5 11. dxe5 O-O 12. Qg4 Qc7 13. Re1 Rd8 14. Bh6 g6 15. Nd2 Bd7 16. Rac1 Bc6 17. h4 Nf4 18. Qxf4 Rxd3 19. Ne4 Qd8 20. Ng5 Qe8 21. h5 Bd8 22. hxg6 hxg6 23. Rcd1 Rd5 24. Ne4 Rxd1 25. Nf6+ Bxf6 26. Qxf6 Rxe1+ 27. Kh2 Qf8 28. Bxf8 Rxf8 29. f3 Rd1 30. Kg3 Rd4 31. Kh3 Rfd8 32. f4 Rd2 33. g3 R8d3 34. Qg5 Rg2 35. Qe7 Rgxg3+ 36. Kh4 Rh3+ 37. Kg5 Rh5+ 38. Kg4 Rdh3 39. Qd8+ Kh7 40. f5 gxf5+ 41. Kf4 Rf3# 0-1

[Event "Pere Noel"]
[Site "Montreal CAN"]
[Date "2009.12.27"]
[Round "2"]
[White "Kovalyov, Anton"]
[Black "Voskanyan, Vahagn"]
[Result "1/2-1/2"]
[WhiteElo "2591"]
[BlackElo "2188"]
[PlyCount "121"]
[GameId "2160767910029883"]
[EventDate "2009.12.26"]
[EventType "swiss"]
[EventRounds "5"]
[EventCountry "CAN"]
[SourceTitle "hb 2010.01"]

1. Nf3 d5 2. d4 c5 3. c4 dxc4 4. e3 Nf6 5. Bxc4 e6 6. O-O Nc6 7. Nc3 Be7 8. Qe2 O-O 9. Rd1 Qc7 10. a3 a6 11. dxc5 Bxc5 12. Bd3 h6 13. Bd2 Bd6 14. Rac1 Qe7 15. Na4 e5 16. e4 Bg4 17. Be3 Nd4 18. Bxd4 exd4 19. h3 Bxf3 20. Qxf3 Rfe8 21. Nb6 Rad8 22. Re1 Bc7 23. Nc4 b5 24. Nd2 Qd6 25. g3 Nd7 26. Qe2 Nc5 27. f4 Bb6 28. e5 Qd7 29. Kh2 f6 30. Bg6 Re7 31. b4 Na4 32. Bd3 Nc3 33. Qh5 fxe5 34. Qg6 e4 35. Nxe4 Re6 36. Qg4 Nxe4 37. Bxe4 Rf6 38. Bd3 Qxg4 39. hxg4 Kf7 40. Kg2 Re8 41. Rxe8 Kxe8 42. Rc8+ Kd7 43. Rg8 Rf7 44. Ra8 Re7 45. Rxa6 Kc6 46. a4 bxa4 47. Rxa4 Re3 48. Ra3 Bc7 49. Kf2 g5 50. f5 Bxg3+ 51. Kg2 Bd6 52. Ra6+ Kc7 53. Ra7+ Kb6 54. Ra6+ Kc7 55. Ra7+ Kb6 56. Rd7 Bxb4 57. Rxd4 Bc5 58. Rd8 Kc7 59. Rd5 Kc6 60. Rd8 Kc7 61. Rd5 1/2-1/2

[Event "Pere Noel"]
[Site "Montreal CAN"]
[Date "2009.12.28"]
[Round "3"]
[White "Germain, Michel"]
[Black "Kovalyov, Anton"]
[Result "0-1"]
[WhiteElo "1948"]
[BlackElo "2591"]
[PlyCount "70"]
[GameId "2160767910029894"]
[EventDate "2009.12.26"]
[EventType "swiss"]
[EventRounds "5"]
[EventCountry "CAN"]
[SourceTitle "hb 2010.01"]

1. Nf3 e6 2. d4 Nf6 3. c4 b6 4. g3 Ba6 5. Qc2 Bb7 6. Bg2 c5 7. O-O Be7 8. Rd1 cxd4 9. Nxd4 Bxg2 10. Kxg2 Qc7 11. e4 a6 12. f3 O-O 13. Bf4 d6 14. Be3 Rc8 15. Nd2 Nbd7 16. Rac1 Qb7 17. Qb1 Rc7 18. Kf2 Rac8 19. Ne2 Ne5 20. b3 Nfd7 21. Nf4 b5 22. cxb5 Qxb5 23. a4 Qb7 24. Rxc7 Rxc7 25. Nd3 Qc8 26. f4 Ng4+ 27. Ke2 Nxe3 28. Kxe3 Rc3 29. Ke2 Nc5 30. Nxc5 Qxc5 31. Nc4 Qh5+ 32. Kd2 Rf3 33. Kc2 Qxh2+ 34. Rd2 Qxg3 35. f5 Rc3+ 0-1

[Event "Pere Noel"]
[Site "Montreal CAN"]
[Date "2009.12.29"]
[Round "4"]
[White "Kovalyov, Anton"]
[Black "Arsenault, Nicolas"]
[Result "1-0"]
[WhiteElo "2591"]
[BlackElo "2214"]
[PlyCount "47"]
[GameId "2160767910029919"]
[EventDate "2009.12.26"]
[EventType "swiss"]
[EventRounds "5"]
[EventCountry "CAN"]
[SourceTitle "hb 2010.01"]

1. Nf3 Nf6 2. c4 e6 3. g3 a6 4. Bg2 b5 5. d3 Bb4+ 6. Bd2 Bxd2+ 7. Nbxd2 Bb7 8. Qb3 Bxf3 9. Bxf3 c6 10. a4 Qa5 11. Ra2 b4 12. Qc2 O-O 13. Nb3 Qd8 14. c5 a5 15. O-O Na6 16. Raa1 e5 17. Rad1 Qe7 18. e4 Nc7 19. d4 exd4 20. Rxd4 Ra7 21. Bg2 Kh8 22. f4 Rd8 23. h3 Ne6 24. Rd3 1-0

[Event "Quebec op"]
[Site "Montreal CAN"]
[Date "2009.07.21"]
[Round "5"]
[White "Kovalyov, Anton"]
[Black "Gagunashvili, Merab"]
[Result "1/2-1/2"]
[WhiteElo "2557"]
[BlackElo "2574"]
[PlyCount "107"]
[GameId "2160767910155477"]
[EventDate "2009.07.18"]
[EventType "swiss"]
[EventRounds "9"]
[EventCountry "CAN"]
[SourceTitle "CBM 131 Extra"]
[Source "ChessBase"]
[SourceDate "2009.09.03"]
[SourceVersion "2"]
[SourceVersionDate "2009.09.16"]
[SourceQuality "1"]

1. Nf3 d5 2. d4 Nf6 3. c4 c6 4. e3 Bf5 5. Nc3 e6 6. Nh4 Be4 7. f3 Bg6 8. Qb3 Qb6 9. Nxg6 hxg6 10. Bd2 Nbd7 11. O-O-O Qxb3 12. axb3 Bd6 13. h3 Nh5 14. Ne2 Ng3 15. Nxg3 Bxg3 16. Kc2 a6 17. Bd3 Nf6 18. Rhf1 O-O-O 19. Bc3 Bc7 20. Be1 Bb6 21. Bf2 Rd7 22. Kd2 Kb8 23. Ke2 c5 24. dxc5 Bxc5 25. cxd5 Nxd5 26. Be4 Rhd8 27. g4 Nf6 28. Rxd7 Rxd7 29. Bd3 Nd5 30. g5 Bd6 31. Be4 Be5 32. Rb1 Ne7 33. f4 Bc7 34. Be1 e5 35. Bc3 exf4 36. exf4 Nd5 37. Bxd5 Rxd5 38. Rf1 Rb5 39. h4 Rxb3 40. f5 Rb5 41. Bxg7 Bg3 42. fxg6 fxg6 43. Rh1 Be5 44. Bxe5+ Rxe5+ 45. Kf3 Kc7 46. h5 gxh5 47. Rxh5 Kd6 48. Rh6+ Ke7 49. Kg4 Rb5 50. Rh2 Kf7 51. Kh5 Kg7 52. Rc2 Rb6 53. Rc7+ Kg8 54. Rc2 1/2-1/2

[Event "Quebec op"]
[Site "Montreal CAN"]
[Date "2009.07.23"]
[Round "7"]
[White "Sambuev, Bator"]
[Black "Kovalyov, Anton"]
[Result "1/2-1/2"]
[WhiteElo "2491"]
[BlackElo "2557"]
[PlyCount "161"]
[GameId "2160767910155505"]
[EventDate "2009.07.18"]
[EventType "swiss"]
[EventRounds "9"]
[EventCountry "CAN"]
[SourceTitle "CBM 131 Extra"]
[Source "ChessBase"]
[SourceDate "2009.09.03"]
[SourceVersion "2"]
[SourceVersionDate "2009.09.16"]
[SourceQuality "1"]

1. d4 Nf6 2. c4 e6 3. Nc3 Bb4 4. e3 b6 5. Nge2 c5 6. a3 Ba5 7. Rb1 Na6 8. f3 O-O 9. d5 d6 10. Kf2 Rb8 11. e4 exd5 12. exd5 Bf5 13. Ra1 Nc7 14. Ng3 Bg6 15. h4 Bxc3 16. bxc3 h5 17. Bg5 b5 18. Qd2 bxc4 19. Bxc4 Na8 20. Rhd1 Nb6 21. Be2 Nbd7 22. f4 Qb6 23. f5 Bxf5 24. Bxh5 Bg4 25. Bxg4 Nxg4+ 26. Kg1 c4+ 27. Qd4 Rfe8 28. Nf5 Re4 29. Qxb6 Rxb6 30. Rab1 Re5 31. Rxb6 Nxb6 32. Nxd6 f6 33. Bf4 Rxd5 34. Rxd5 Nxd5 35. Bd2 Ne5 36. Be1 g6 37. Bg3 Ng4 38. Nxc4 Nxc3 39. Kf1 Kf7 40. Be1 Nd5 41. Ke2 Ke6 42. Bg3 a6 43. Kf3 f5 44. Bb8 Kd7 45. Nb2 Nge3 46. Ba7 Ng4 47. Nd3 Ke7 48. Bd4 Nc7 49. Bc5+ Kf7 50. Bb6 Ne6 51. a4 Kf6 52. Nb4 Ne5+ 53. Kf2 Nd7 54. a5 Ndc5 55. g3 g5 56. hxg5+ Kxg5 57. Nd5 Kg6 58. Ne3 Kg5 59. Nd5 Kg4 60. Ne3+ Kg5 61. Kf3 Nd4+ 62. Kg2 Nde6 63. Nd5 f4 64. Bxc5 Nxc5 65. gxf4+ Kg4 66. Kf2 Nb7 67. Ke3 Kf5 68. Ne7+ Ke6 69. Nc6 Kd6 70. Nb4 Nxa5 71. Ke4 Ke6 72. Nxa6 Nc4 73. Nc5+ Kf6 74. Nd7+ Ke6 75. Nf8+ Kf7 76. Nh7 Kg6 77. Ng5 Kf6 78. Nf3 Nd6+ 79. Ke3 Nc4+ 80. Kf2 Nd6 81. Nd4 1/2-1/2